LEADER 00881nam--2200313---450- 001 990005861530203316 005 20130621132957.0 035 $a000586153 035 $aUSA01000586153 035 $a(ALEPH)000586153USA01 035 $a000586153 100 $a20130621d1928----km-y0itay50------ba 101 $aita 102 $aIT 105 $aa---||||001yy 200 1 $a<> libro dello sport$fLando Ferretti 210 $aRoma$aMilano$cLibreria del Littorio$d1928 215 $a295 p., [11] carte di tav.$cill.$d20 cm 606 0 $aSport$xStoria$2BNCF 676 $a796.0945 700 1$aFERRETTI,$bLando$0255599 801 0$aIT$bsalbc$gISBD 912 $a990005861530203316 951 $aII.5. 7503$b141586 L.M.$cII.5.$d00293480 959 $aBK 969 $aUMA 979 $aIANNONE$b90$c20130621$lUSA01$h1329 996 $aLibro dello sport$91086450 997 $aUNISA LEADER 01078nam--2200397---450- 001 990003162460203316 005 20081020140509.0 035 $a000316246 035 $aUSA01000316246 035 $a(ALEPH)000316246USA01 035 $a000316246 100 $a20081020d1970----km-y0itay50------ba 101 $aita 102 $aIT 105 $a||||||||001yy 200 1 $aRacconti$fMichail Bulgakov$gtraduzione di Clara Coisson e Vera Drisdo 210 $aTorino$cEinaudi$dcopyr. 1970 215 $a315 p.$d19 cm 300 $aTit. orig.: D'javoliada 410 0$12001 454 1$12001 461 1$1001-------$12001 606 0 $aLetteratura russa 676 $a971 700 1$aBULGAKOV,$bMihail Afanas?evi?$0222457 702 1$aCOISSON,$bClara 702 $aDRIDSO,$bVera 801 0$aIT$bsalbc$gISBD 912 $a990003162460203316 951 $aII.7.A.71$b8610 DSLL 959 $aBK 969 $aDSLL 979 $aDSLL$b90$c20081020$lUSA01$h1405 979 $aANNAMARIA$b90$c20110603$lUSA01$h0936 996 $aRacconti$92855809 997 $aUNISA